000 00744nam a2200217 a 4500
001 56424
003 BD-RjUL
005 20211209080408.0
008 161129s1967 bg ||||| |||| 00| 0 ben d
035 _a(BD-RjUL)56548
040 _aBD-RjUL
_bben
_cBD-RjUL
041 _aben
082 _223
_a891.442
_bMAA 1967
100 _aমাহমুদ, সুলতান
_9135320
245 1 0 _aআজাদ না কয়েদ /
_c সুলতান মাহমুদ
260 _aনোয়াখালী :
_bতাজ লাইব্রেরী,
_c১৯৬৭
300 _a৯৫ পৃ. ;
_c১৭ সেমি .
650 _aবাংলা নাটক
_9167841
650 _aBengali Drama
_9167842
942 _2ddc
_cBK
999 _c56424
_d56424